[Event "GER-ch52 V09 email"]
[Site "GER email"]
[Date "2020.04.16"]
[Round "?"]
[White "Klapp, Herwig"]
[Black "Milde, Lars"]
[Result "1/2-1/2"]
[WhiteElo "2311"]
[BlackElo "2344"]
[PlyCount "87"]
[EventDate "2020.??.??"]
[EventType "tourn (corr)"]
[EventRounds "10"]
[EventCountry "GER"]
[SourceTitle "Corr 2022"]
[Source "ChessBase"]
[SourceDate "2021.10.24"]
[SourceVersion "1"]
[SourceVersionDate "2021.10.24"]
[SourceQuality "1"]

1. e4 g6 2. d4 Bg7 3. Nf3 d6 4. Nc3 a6 5. Be2 Nd7 6. 0-0 c5 7. Be3 cxd4 8. Bxd4 Ngf6 9. a4 0-0 10. a5 b6 11. axb6 Bb7 12. Nd2 Nxb6 13. Re1 a5 14. h3 Bc6 15. Bf3 Bh6 16. Nf1 Nfd7 17. Nd5 e6 18. Nxb6 Nxb6 19. Nh2 e5 20. Be3 Bxe3 21. Rxe3 Na4 22. Qd2 Nxb2 23. Rc3 Bb5 24. Rb1 Nc4 25. Qh6 Ba6 26. Ng4 a4 27. Be2 d5 28. f4 exf4 29. Qxf4 a3 30. Nf6+ Kg7 31. Nxd5 Nb6 32. Qe5+ Kh6 33. Bf3 Nxd5 34. exd5 a2 35. Ra1 Qb6+ 36. Kh2 f6 37. Qg3 Bb5 38. Rc7 g5 39. Be4 Ra7 40. Rxa7 Qxa7 41. h4 Be8 42. hxg5+ fxg5 43. Qd6+ Kg7 44. Qe5+ 1/2-1/2

[Event "GER-ch52 V09 email"]
[Site "GER email"]
[Date "2020.04.16"]
[Round "?"]
[White "Klapp, Herwig"]
[Black "Vogel, Detlef"]
[Result "1/2-1/2"]
[WhiteElo "2311"]
[BlackElo "2327"]
[PlyCount "104"]
[EventDate "2020.??.??"]
[EventType "tourn (corr)"]
[EventRounds "10"]
[EventCountry "GER"]
[SourceTitle "Corr 2022"]
[Source "ChessBase"]
[SourceDate "2021.10.24"]
[SourceVersion "1"]
[SourceVersionDate "2021.10.24"]
[SourceQuality "1"]

1. e4 c5 2. Nf3 d6 3. Nc3 Nf6 4. g3 g6 5. Bg2 Bg7 6. 0-0 0-0 7. d3 Nc6 8. h3 Rb8 9. Be3 b5 10. Qd2 b4 11. Nd1 Bd7 12. Bh6 a5 13. Bxg7 Kxg7 14. Ne3 e5 15. a3 Nd4 16. Kh2 Be6 17. axb4 axb4 18. Ng5 Bd7 19. Ra7 h6 20. Nf3 Ra8 21. Rfa1 Rxa7 22. Rxa7 Qb6 23. Ra1 Qc6 24. Qd1 Ra8 25. Rxa8 Nxf3+ 26. Bxf3 Qxa8 27. Bg2 Be6 28. Qd2 Bd7 29. f4 Qd8 30. f5 Qa8 31. g4 Bb5 32. Qe1 Qd8 33. Bf3 g5 34. h4 Nh7 35. Kh3 gxh4 36. Qxh4 Ng5+ 37. Kg2 Bc6 38. b3 Kh7 39. Qf2 Kh8 40. Qh4 Kh7 41. Qf2 Kg7 42. Kg3 Qf6 43. Qf1 Qd8 44. Qh1 Qa8 45. f6+ Kh7 46. Nf5 Qf8 47. Qf1 Bd7 48. Bd1 Kg8 49. Ne7+ Kh8 50. Qh1 Kh7 51. Qf1 Qe8 52. Be2 Be6 1/2-1/2